Normal view
MARC view
- Hayter, Anthony J.
Entry Personal Name
001 - CONTROL NUMBER
- control field: 165
003 - CONTROL NUMBER IDENTIFIER
- control field: NUST
005 - DATE AND TIME OF LATEST TRANSACTION
- control field: 20170509115243.0
008 - FIXED-LENGTH DATA ELEMENTS
- fixed length control field: 170509|| aca||aabn | a|a d
040 ## - CATALOGING SOURCE
- Original cataloging agency: NUST
- Transcribing agency: NUST
100 ## - HEADING--PERSONAL NAME
- Personal name: Hayter, Anthony J.
670 ## - SOURCE DATA FOUND
- Source citation: Work cat.: (NUST)0: Hayter, Anthony J., Probability and statistics for engineers and scientists /, c2002.
